00480nam a2200157Ia 450000500170000000800410001708200190005810000180007724500280009526000400012330000120016350000310017594200060020695200950021299900150030720250304235046.0240331s9999 xx 000 0 und d bVAL26104a920 aValliappan, S 0aKaalam Ungal Kaaladiyil aChennaibKizhakku Pathippagamc2004 a184 p., aA book on Time Management. cL 001040708LaWERCLbWERCLcSSCd2024-03-31l0o 920 VALp6104r2024-03-31w2024-03-31yL c4688d4688